| 000 | 00968nam a22002177a 4500 | ||
|---|---|---|---|
| 999 |
_c18515 _d18515 |
||
| 003 | AR-CdUCM | ||
| 008 | 190514b ||||| |||| 00| 0 spa d | ||
| 040 |
_aMUNICIPALIDAD PROVINCIAL DEL CUSCO _cBIBLIOTECA MUNICIPAL DEL CUSCO |
||
| 082 |
_a149.946 / _bM26 |
||
| 100 |
_aMarias, Julian _912094 |
||
| 245 |
_aEl existencialismo en España : _bI la presencia : _bII. la novela como metodo de conocimiento : _bIII. Ortega y la idea de la razón vital : _bIV. la obra de Unamuno / |
||
| 260 |
_aBogotá : _bUniversidad nacional de Colombia, _c1953. |
||
| 300 |
_a113 páginas ; _c24 cm. |
||
| 440 |
_aSeccion de canjes de la universidad nacional de Colombia _939143 |
||
| 505 | _aContenido: Presencia y ausencia del existencialismo en España -- La novela como método del conocimiento -- Ortega y la idea de la razón vital... | ||
| 650 |
_aUnamuno _923581 |
||
| 650 |
_aFilosofía _9395 |
||
| 650 |
_aColombia _9140 |
||
| 942 |
_2ddc _cLIBROS |
||
| 945 |
_adavv _d2019-05-14 |
||